000 01049cab a2200205 4500
001 ABS23459
008 090401t xxu||||| |||| 00| 0 eng d
035 _a(Sirsi) u17139
041 _aeng
245 _aHousing
260 _cSupplement 27 March 1987(26)
350 _a0
490 _aBuilding
_vSupplement 27 March 1987(26)
520 _aReviews housebuilding trends in the public and private sectors and reports on designs which are currently popular among homebuyers. Includes features on waterside devlopment , floating homes and sheltered housing schemes. Examines the roles played by housing associations and building societies in increasing access to home ownership, producing private rented housing and tackling urban renewal; the contributions made to development by the Halifax Building Society and the work of PROBE , an agency to encourage urban renewal on derelict sites are noted.
650 _aCONSTRUCTION FORECASTS
650 _aHOUSING-DEVELOPMENT
690 _aBlock management
_96220
942 _n0
948 _c04/03/1997
999 _c11362
_d11362